000 00247nam a22001217a 4500
008 180112b xxu||||| |||| 00| 0 eng d
041 _aeng
080 _a004
100 _a30
101 _aSHKI
245 _aSequencer
_cWindows
942 _2udc
_cBK
999 _c40196
_d40196